000
00259 a2200109 4500
000
nam a22 7a 4500
020
_a
9781032527802
100
_a
Reddy,Chandan K
_9
64
245
_a
Health Care Data Analytics
260
_b
CRC Press
_c
2023
264
_b
CRC Press
999
_c
35895
_d
35895